000 00607 a2200217 4500
001 066028
003 OSt
005 20251212150530.0
008
082 _a808.1
_bM43S
100 1 _aMatterson
245 1 _aStudying poetry
_cby Stephen Matterson and Darryl Jone
260 _aU.K.
_bHodder Education
_c2000
300 _a188p.
546 _aEnglish
690 _aPoetry--Study and teaching; American poetry--Study and teaching; English poetry--Study and teaching; English poetry
700 _aStephen
700 _aJone
700 _aDarryl
942 _2ddc
_cBK
999 _c237
_d237